VPLYV PREMODIFIKOVANIA NA VLASTNOSTI SILUMÍNU

Bibliographic Details
Main Authors: Petrík, Jozef (Author), Rosenberg, Gejza (Author)
Format: Article
Language:Slovak

MARC

LEADER 00000nab a2200000 a 4500
001 vtls011122569
003 SK-MaSNL
005 20260303143907.0
008 230222|2007 xo |||||||||||||||||slo|
015 |a SNBRB 
035 |a (uuid)79839864-9ba6-478b-b530-2d0b60e8126f 
035 |a (urnnbn)urn:nbn:sk:snk:ar-a08x1y 
035 |a urn:nbn:sk:snk-ab9ul3 
040 |a SNKBUCL  |b slo  |c SNKBUCL  |e AACR2 
041 0 |a slo 
044 |a xo  |c SK 
100 1 |a Petrík, Jozef  |4 aut 
245 1 0 |a VPLYV PREMODIFIKOVANIA NA VLASTNOSTI SILUMÍNU  |c Jozef Petrík, Gejza Rosenberg 
246 3 |a THE INFLUENCE OF OVER-MODIFICATION ON THE PROPERTIES OF Al-Si ALLOY 
700 1 |a Rosenberg, Gejza  |4 aut  |9 781331 
773 0 |t Materiálové inžinierstvo  |g Roč. 14, č. 4 (2007), s. 27-30 
954 |a odborná, vedecká literatúra pôvodná (slovenská)  |2 lita 
958 |a OND 
958 |a EUIPO 
958 |a article13 
999 |c 1992939  |d 1994869